Normal view
MARC view
Entry Topical Term
001 - CONTROL NUMBER
- control field: 25667
003 - CONTROL NUMBER IDENTIFIER
- control field: OSt
005 - DATE AND TIME OF LATEST TRANSACTION
- control field: 20210724153857.0
008 - FIXED-LENGTH DATA ELEMENTS
- fixed length control field: 210724|| aca||aabn | a|a d
040 ## - CATALOGING SOURCE
- Original cataloging agency: OSt
- Transcribing agency: OSt
150 ## - HEADING--TOPICAL TERM
- Topical term or geographic name entry element: COVID-19, Coronavirus, Public health, Health systems, Epidemics, Pandemics, Global health security
670 ## - SOURCE DATA FOUND
- Source citation: Work cat.: (OSt): Tulenko, Kate Vervoort, Dominique 25666, Cracks in the system: The effects of the coronavirus pandemic on public health systems
